Caricamento...

Global progress in development of sustainable environment /

Dettagli Bibliografici
Altri autori: Abid Ali Khan, M.M (Redattore)
Natura: Printed Book
Lingua:English
Pubblicazione: New Delhi: Discovery publishing house, 2017.
Soggetti:
LEADER 00706 a2200181 4500
008 180502b xxu||||| |||| 00| 0 eng d
999 |c 116538  |d 116538 
020 |a 9789350568477 
082 |a 338.927 
245 |a Global progress in development of sustainable environment /  |c Edited by M.M. Abid Ali Khan...et.al 
260 |b Discovery publishing house,  |c 2017.  |a New Delhi: 
300 |a 293p.  |c 24cm 
650 |a Sustainable development 
650 |a Environmental degradation 
650 |a Environmental protection 
700 |a Abid Ali Khan, M.M  |e editor 
942 |2 ddc  |c BK 
952 |0 0  |1 0  |4 0  |6 338_927000000000000_GLO  |7 0  |9 125077  |a UL  |b UL  |c ST1  |d 2017-10-03  |e 176  |g 1825.00  |l 0  |o 338.927 GLO  |p 98154  |r 2017-10-03  |v 2500.00  |y BK